Παιδιά και Γονείς / Στο Ξεκίνημα Μιας Σχέσης (Record no. 335)
[ view plain ]
| 000 -LEADER | |
|---|---|
| fixed length control field | 01941cam a22002054a 4500 |
| 005 - ΗΜΕΡΟΜΗΝΙΑ ΚΑΙ ΩΡΑ ΤΕΛΕΥΤΑΙΑΣ ΕΝΗΜΕΡΩΣΗΣ | |
| Πεδίο ελέγχου | 20250605163932.0 |
| 008 - FIXED-LENGTH DATA ELEMENTS--GENERAL INFORMATION | |
| Πεδίο ελέγχου σταθερού μήκους | 250528s ||||||||||||||||||||||||d |
| 035 ## - SYSTEM CONTROL NUMBER | |
| System control number | 14714 |
| 020 ## - ISBN | |
| ISBN | 9603440388 |
| 040 ## - ΠΗΓΗ ΚΑΤΑΛΟΓΟΓΡΑΦΗΣΗΣ | |
| Φορέας πρωτότυπης καταλογογράφησης | MC Athens Campus Library |
| Γλώσσα καταλογογράφησης | Ελληνικά, Μοντέρνα (1453-) |
| Modifying agency | MC Athens Campus Library |
| Κανόνες περιγραφικής καταλογογράφησης | AACR2 |
| 245 1# - ΤΙΤΛΟΣ ΚΑΙ ΔΗΛΩΣΗ ΥΠΕΥΘΥΝΟΤΗΤΑΣ | |
| Τίτλος | Παιδιά και Γονείς / Στο Ξεκίνημα Μιας Σχέσης |
| 250 ## - EDITION STATEMENT | |
| Edition statement | 4η |
| 260 ## - PUBLICATION, DISTRIBUTION, ETC. | |
| Name of publisher, distributor, etc. | Ελληνικά Γράμματα, |
| Date of publication, distribution, etc. | 1998 |
| 300 ## - PHYSICAL DESCRIPTION | |
| Extent | 448 |
| 520 ## - SUMMARY, ETC. | |
| Summary, etc. | Το βιβλίο αποτελείται από τρεις ενότητες και βασίζεται στην πεποίθηση ότι ο τρόπος συμπεριφοράς μας προς τα παιδιά απεικονίζει το όραμα για το μέλλον που έχουμε ως άτομα και ως κοινωνία. Γονικότητα: Μια Πολυδιάστατη Εμπειρία, Η Απόφαση να Κάνουμε Παιδί, ΈΝα Ζευγάρι Γίνονται Γονείς, Οικογένεια με Μικρά Παιδιά, Μητέρα και Μητρότητα, Πατέρας και Πατρότητα, Τι Είναι Ένα Παιδί και τι Χρειάζεται, Οι Έννοιες Παιδικότητα και Παιδί, Η Μεγάλη Αρχή, Συναισθηματική Ανάπτυξη και η Δημιουργία των Πρώτων Δεσμών, Το Παιδί στην Οικογένεια, Ανάπτυξη της Σκέψης, Η Γλώσσα και το Παιδί, Κορίτσια και Αγόρια: Ομοιότητες και Διαφορές, Παιχνίδι, Εξωοικογενειακές Επιδράσεις, Οι Μεγάλοι Μεγαλώνουν τους Μικρούς, Διαπαιδαγώγηση, Ημερήσια Φροντίδα Έξω από την Οικογένεια. |
| 700 1# - ΠΡΟΣΘΕΤΗ ΑΝΑΓΡΑΦΗ--ΦΥΣΙΚΟ ΠΡΟΣΩΠΟ | |
| Personal name | Χουντουμάδη Αναστασία |
| 9 (RLIN) | 205 |
| 942 ## - ADDED ENTRY ELEMENTS (KOHA) | |
| Koha item type | Books |
| Τύπος τεκμηρίου | Βιβλιοθήκη | Τρέχουσα τοποθεσία | Barcode | Αριθμός εισαγωγής | Ημερομηνία απόκτησης | Ταξιθετικό σύμβολο | Αριθμός αντιτύπου | Κατάσταση απόσυρσης | Κατάσταση χαμένου | Κατάσταση κατεστραμμένου | Μη δανεισμός | Σύνολο δανεισμών | Ημερομηνία τελευταίας εμφάνισης | Η τιμή ισχύει από |
|---|---|---|---|---|---|---|---|---|---|---|---|---|---|---|
| Books | MC Athens Campus Library | MC Athens Campus Library | 9780000003348 | 401 | 05/06/2025 | 158.24 HOU | 1 | 05/06/2025 | 05/06/2025 |